00941nam a2200217 a 450000100100000000500170001000800410002702000150006804000250008310000390010824502060014726000720035330000210042549000220044650400320046850400730050070000340057370000290060771000650063683000220070100004109920201002034622.0131001s2003 sp 000 0 spa d a8400082117 aDO-SdBNPbspacBNPHU1 a: Rodríguez Rodríguez, Vicente10aCaracterísticas demográficas y socioeconómicas del envejecimiento de la población en España y Cuba /cVicente Rodríguez Rodríguez, Rául Hernández Castellón, Dolores Puga González. aMadrid :bConsejo Superior de Investigaciones Científicas,c2003. a199 p. ;c22 cm.1 aMonografíasv26 aBibliografía : p. 193-199 aIncluye referencias bibliográficas y notas al pie de las páginas1 aHernández Castellón, Raul1 aPuga González, Dolores2 aConsejo Superior de Investigaciones Científicas,(España) 0aMonografíasv26